000 00762nam a2200277Ia 4500
003 OSt
005 20221006150945.0
006 a|||||r|||| 00| 0
007 ta
008 221006b |||||||| |||| 00| 0 jpn d
020 _c50.00
024 _a20,354
037 _bGift, Japan Foundation
_cTextual
040 _aEASL
_cEASL
_bjpn
041 _2jpn
_ajpn
082 _aXvN4, J6
100 _aDOBB Maurice
245 0 _aKoshinkoku no keizai hatten to keizai kiko
260 _aTokyo
_bYuhikaku Japan
_c1956
300 _a140p.
_ccm.
490 _v JL
650 _aJL
700 _a ICHIRO Onoichi Tr.
_9658023
942 _hXvN4, J6
_cTEXL
_2CC
999 _c1088440
_d1088440